| Tag |
First Indicator |
Second Indicator |
Subfields |
| LEADER |
00000cam a2200000 4500 |
| 001 |
in00000278921 |
| 005 |
20151010071940.0 |
| 008 |
720117s1957 nyua b 00000 eng |
| 010 |
|
|
|a 57005211
|
| 035 |
|
|
|a (OCoLC)00223108
|
| 035 |
|
|
|9 ABE8370AM
|
| 040 |
|
|
|c WSU
|d TXA
|d UtOrBLW
|
| 049 |
|
|
|a TXAM
|c [904279]
|
| 050 |
0 |
0 |
|a BF724
|b .J4
|
| 082 |
0 |
|
|a 136.7354
|
| 100 |
1 |
|
|a Jersild, Arthur T.
|q (Arthur Thomas),
|d 1902-1994.
|
| 245 |
1 |
4 |
|a The psychology of adolescence.
|
| 264 |
|
1 |
|a New York :
|b Macmillan,
|c [1957]
|
| 264 |
|
4 |
|c [©1957]
|
| 300 |
|
|
|a 438 pages :
|b illustrations ;
|c 22 cm.
|
| 336 |
|
|
|a text
|b txt
|2 rdacontent
|
| 337 |
|
|
|a unmediated
|b n
|2 rdamedia
|
| 338 |
|
|
|a volume
|b nc
|2 rdacarrier
|
| 504 |
|
|
|a Includes bibliography.
|
| 650 |
|
0 |
|a Adolescence.
|
| 999 |
|
|
|a MARS
|
| 999 |
f |
f |
|s a529a498-43ed-384c-ac8f-ce82bdea8ff4
|i 253c9757-51f2-3a4c-8fc7-769f1a9a7d83
|t 0
|
| 952 |
f |
f |
|p ric
|a Texas A&M University
|b Rellis Campus
|c Joint Library Facility
|d Remote Storage
|t 0
|e BF724 .J4
|h Library of Congress classification
|i unmediated -- volume
|m A14801703713
|
| 998 |
f |
f |
|a BF724 .J4
|t 0
|l Remote Storage
|